| 000 | 01214nam a2200301Ia 4500 | ||
|---|---|---|---|
| 001 | ebr10052731 | ||
| 003 | CaPaEBR | ||
| 006 | m u | ||
| 007 | cr cn||||||||| | ||
| 008 | 000815s2002 enk s 000 0 eng d | ||
| 020 | _z0861767268 | ||
| 040 |
_aCaPaEBR _cCaPaEBR |
||
| 035 | _a(OCoLC)61363509 | ||
| 050 | 1 | 4 |
_aZ1033.E43 _bE54 2002eb |
| 245 | 0 | 0 |
_aElectronic books for teaching and learning _h[electronic resource] / _cguest editors, Monica Landoni and Ignacio Aedo. |
| 260 |
_aBradford, England : _bEmerald Group Publishing, _cc2002. |
||
| 300 | _a46 p. | ||
| 490 | 0 |
_aThe electronic library ; _vv.20, no. 4 |
|
| 533 |
_aElectronic reproduction. _bPalo Alto, Calif. : _cebrary, _d2009. _nAvailable via World Wide Web. _nAccess may be limited to ebrary affiliated libraries. |
||
| 650 | 0 |
_aLibraries _xAutomation. |
|
| 650 | 0 |
_aLibrary science _xData processing. |
|
| 655 | 7 |
_aElectronic books. _2local |
|
| 700 | 1 | _aAedo, Ignacio. | |
| 700 | 1 | _aLandoni, Monica. | |
| 710 | 2 | _aebrary, Inc. | |
| 711 | 2 | 2 | _a17th Annual Assoc. of Computing Machinery Symposium. |
| 856 | 4 | 0 |
_uhttp://site.ebrary.com/lib/rucke/Doc?id=10052731 _zAn electronic book accessible through the World Wide Web; click to view |
| 999 |
_c65600 _d65600 |
||